000 00720nam a22002417a 4500
001 65270
003 UA-OsUOA
005 20220728150046.0
007 ta
008 20091118b un ||||| |||| 00| 0 ukr d
020 _a9669547806
040 _aUA-OsUOA
_bukr
_cUA-OsUOA
_dUA-OsUOA
041 _aukr
080 _a94(477-25)(031)
090 _a94(477-25)(031)
_bЗ-43
245 _aЗвід пам'яток історії та культури України
_cВ. Смолій
260 _aК.
_bУкраїнська енциклопедія
_c2004
300 _a1209 с.
505 _gТ. 2
_tМ – С
650 7 _a9 Географія. Біографії. Історія
_2UDC
942 _cBK
_2udc
955 _a4
999 _c351394
_d351394